[Event "Leutersdorf Muench Braeu op 07th"]
[Site "Leutersdorf"]
[Date "2002.02.16"]
[Round "8"]
[White "Seifert, Volker"]
[Black "Dorsch, Andre"]
[Result "1-0"]
[WhiteElo "2261"]
[BlackElo "1672"]
[PlyCount "101"]
[EventDate "2002.02.11"]
[EventType "swiss"]
[EventRounds "9"]
[EventCountry "GER"]
[SourceTitle "CBM 086 Extra"]
[Source "ChessBase"]
[SourceDate "2002.03.14"]
[SourceVersion "1"]
[SourceVersionDate "2002.03.14"]
[SourceQuality "1"]

1. d4 d5 2. c4 c6 3. Nf3 Nf6 4. Nc3 dxc4 5. a4 Bf5 6. Ne5 Na6 7. f3 Nd7 8. Nxc4 e5 9. e4 exd4 10. exf5 dxc3 11. Qe2+ Be7 12. Nd6+ Kf8 13. Nxb7 Qb6 14. a5 cxb2 15. Qxb2 Qxb2 16. Bxb2 Nb4 17. 0-0-0 Nd5 18. Bc4 N7f6 19. Rd3 a6 20. Bxf6 Nxf6 21. Rhd1 Ke8 22. Kc2 g6 23. Re1 Kf8 24. Rb1 Kg7 25. Rb6 c5 26. Bxa6 gxf5 27. Bc4 Rhb8 28. a6 Kf8 29. Rc6 Ke8 30. Rc7 Kf8 31. Re3 Ng8 32. Nxc5 Rc8 33. Nd7+ Kg7 34. Rxc8 Rxc8 35. Kb3 Rc7 36. Bb5 Bd6 37. Rc3 Ra7 38. Nb6 Ne7 39. g3 f4 40. g4 Kg6 41. Nc8 Nxc8 42. Rxc8 Be5 43. Kc4 f5 44. Kd5 Bb2 45. h3 fxg4 46. hxg4 h5 47. gxh5+ Kxh5 48. Kc6 Kg5 49. Rc7 Rxc7+ 50. Kxc7 Bd4 51. Kb7 1-0

[Event "Leutersdorf Muench Braeu op 07th"]
[Site "Leutersdorf"]
[Date "2002.02.13"]
[Round "3"]
[White "Dorsch, Andre"]
[Black "Noack, Christian"]
[Result "1/2-1/2"]
[WhiteElo "1672"]
[BlackElo "2143"]
[PlyCount "61"]
[EventDate "2002.02.11"]
[EventType "swiss"]
[EventRounds "9"]
[EventCountry "GER"]
[SourceTitle "CBM 086 Extra"]
[Source "ChessBase"]
[SourceDate "2002.03.14"]
[SourceVersion "1"]
[SourceVersionDate "2002.03.14"]
[SourceQuality "1"]

1. c4 Nf6 2. Nf3 g6 3. g3 Bg7 4. Bg2 0-0 5. 0-0 d5 6. cxd5 Nxd5 7. d4 c6 8. Nc3 Nd7 9. Nxd5 cxd5 10. Bf4 Nb8 11. Ne5 f6 12. Nf3 Nc6 13. Qb3 e6 14. Rac1 g5 15. Be3 Na5 16. Qd3 Nc4 17. b3 Nxe3 18. Qxe3 Qd6 19. Qc3 Bd7 20. Qc7 Qxc7 21. Rxc7 Bc6 22. Re7 Rfe8 23. Rxe8+ Rxe8 24. Rc1 Rc8 25. e3 Bf8 26. Bf1 a6 27. Ne1 Kf7 28. Nd3 h6 29. Be2 Bd6 30. f4 Kg6 31. Kf2 1/2-1/2